000 00556nam a2200253Ia 4500
003 IT-RoPAU
008 120407s9999 xx 000 0 und d
040 _aIT-RoPAU
040 _cIT-RoPAU
041 _aita
100 _aRudolf Pesch
100 _ccoll.
245 _aDiaconia e carità nelle comunità del Nuovo Testamento
250 _aBologna
260 _aEDB
260 _c1979
300 _a93 p.
300 _c19 cm
490 _aEducatori e catechisti
490 _v1
700 _aRichard Wòlkl
942 _cBK
999 _c37239
_d37239